000 00741 a2200217 4500
005 20260319124724.0
008 260319b |||||||| |||| 00| 0 eng d
020 _a9788120802223 (Set) (hbk)
037 _cTB
040 _aBL
_cBL
041 _2eng
_aeng
084 _aNA44,8(Q2:45) Q5.1-.2 (RR)
_qBL
100 _aKramrisch, Stella
_91115983
245 _aHindu temple
260 _bMotilal Banarasidass Publishers,
_c2015.
_aDelhi, India
300 _aVol. 1 (xi, 1-295p.), Vol. 2 (299-466p.)
365 _b4000.00
_cINR
650 _aArts
942 _cTB
_2CC
_hNA44,8(Q2:45) Q5.1-.2 (RR)
999 _c1679721
_d1679721